Statistiken für Alle Parteien der Bundestagswahl 2021

Klicken Sie hier um das Quiz zu spielen!

Allgemein

  • Dieses Quiz wurde 163 mal gespielt
  • Das Durchschnittsergebnis liegt bei 19 aus 47

Antwortstatistiken

Partei% Korrekt
CDU
100%
FDP
99%
SPD
99%
AfD
98%
Grüne
98%
CSU
97%
Die LINKE
97%
NPD
79%
Die PARTEI
72%
Tierschutzallianz
70%
FREIE WÄHLER
69%
Piratenpartei
66%
Volt
62%
III. Weg
56%
MLPD
52%
dieBasis
50%
SSW
46%
Die Grauen
43%
ÖDP
43%
DKP
36%
Tierschutzpartei
36%
Team Todenhöfer
35%
Die Humanisten
34%
Bayernpartei
32%
V-Partei3
32%
LIEBE
23%
du.
21%
LKR
20%
Gartenpartei
19%
Graue Panther
19%
Bündnis21
17%
Partei für Gesundheitsforschung
17%
FAMILIE
15%
Klimaliste Baden-Württemberg
15%
Menschliche Welt
13%
Bergpartei
11%
DiB
11%
PdF
11%
SGP
11%
Bündnis C
10%
BüSo
10%
Volksabstimmung
9%
Lobbyisten für Kinder
7%
UNABHÄNGIGE
7%
THP
6%
Bürgerbewegung für Fortschritt und Wandel
5%
Die SONSTIGEN
5%

Verteilung der Resultate

Perzentil nach korrekt beantworteten Fragen

Anzahl Personen mit jedem Resultat

Ihre Resultats-Entwicklung

Sie haben dieses Quiz noch nicht gespielt